Metropolitan planning

Saved in:
Bibliographic Details
Main Author: MUNSURI, Shahida
Format: Book
Language:English
Published: Ishwar Books 2019
Tags: Add Tag
No Tags, Be the first to tag this record!

MARC

LEADER 00000nam a22000007a 4500
008 240221b |||||||| |||| 00| 0 eng d
020 |a 9789386806231 
100 |a MUNSURI, Shahida 
245 |a Metropolitan planning  |c /Shahida Munsuri  |g vi, 304p 
260 |b Ishwar Books  |c 2019  |h New Delhi  |i 700365  |i 700366  |l HT166.M92  |m City planning  |m Land use  |m Cities and towns- Growth 
500 |a it includes references and index 
942 |a lcc  |c BK  |e Johnson  |f 21/02/24 
952 |0 0  |1 0  |2 lcc  |4 0  |6 HT0166 M92  |7 0  |9 4868  |a SSL  |b HOL  |c GJ  |d 2024-02-21  |l 0  |o HT166.M92  |p 2024-0121  |r 2024-02-21 00:00:00  |t 700365  |w 2024-02-21  |y BK 
952 |0 0  |1 0  |2 lcc  |4 0  |6 HT0166 M92  |7 0  |9 4869  |a HOL  |b HOL  |c GJ  |d 2024-02-21  |l 0  |o HT166.M92  |p 2024-0122  |r 2024-02-21 00:00:00  |t 700366  |w 2024-02-21  |y BK 
999 |c 2427  |d 2427